Online
Catalog

Nomenclatura de química orgánica : (Record no. 5230)

MARC details
000 -CABECERA
campo de control de longitud fija 01093nam a2200229 a 4500
001 - NÚMERO DE CONTROL
campo de control 000005430
005 - FECHA Y HORA DE LA ÚLTIMA TRANSACCIÓN
campo de control 20200929151657.0
008 - DATOS DE LONGITUD FIJA--INFORMACIÓN GENERAL
campo de control de longitud fija 090819s1989 sp a 000 0 cat d
020 ## - NÚMERO INTERNACIONAL ESTÁNDAR DEL LIBRO
Número Internacional Estándar del Libro 8472831329
040 ## - FUENTE DE LA CATALOGACIÓN
Centro catalogador/agencia de origen DO-SdBNP
Lengua de catalogación spa
Centro/agencia transcriptor BNPHU
082 ## - NÚMERO DE LA CLASIFICACIÓN DECIMAL DEWEY
Número de clasificación 547
Número de documento/Ítem N799q
240 #0 - TÍTULO UNIFORME
Título uniforme Rules of nomenclature organic of IUPAC [A,B,C] of 1979
Lenguaje de la obra catalán
245 00 - MENCIÓN DE TÍTULO
Título Nomenclatura de química orgánica :
Resto del título Seccions A, B i C. Regles definitives de 1979. Unió Internacional de Química Pura i Aplicada /
Mención de responsabilidad, etc. versión catalana Consol Blanch i Colat ... [et al.] ; edición D´Angel Messeguer i Peypoch, Miquel A. Pericás i Brondo.
246 10 - FORMA VARIANTE DE TÍTULO
Título propio/Titulo breve Unió Internacional de Química Pura I Aplicada
260 ## - PUBLICACIÓN, DISTRIBUCIÓN, ETC.
Lugar de publicación, distribución, etc. Barcelona :
Nombre del editor, distribuidor, etc. Consell Superior D´Investigacions Científiques ;
-- Institut D'estudis Catalans,
Fecha de publicación, distribución, etc. 1989.
300 ## - DESCRIPCIÓN FÍSICA
Extensión xxv, 339 p. :
Otras características físicas il. ;
Dimensiones 25 cm.
650 #4 - PUNTO DE ACCESO ADICIONAL DE MATERIA--TÉRMINO DE MATERIA
Término de materia o nombre geográfico como elemento de entrada Química orgánica
9 (RLIN) 15418
700 12 - PUNTO DE ACCESO ADICIONAL--NOMBRE DE PERSONA
Nombre de persona Messeguer i Peypoch, D' Angel,
Término indicativo de función/relación ed.
9 (RLIN) 15419
700 12 - PUNTO DE ACCESO ADICIONAL--NOMBRE DE PERSONA
Nombre de persona Pericás i Brondo, Miquel A.,
Término indicativo de función/relación ed.
9 (RLIN) 15420
700 12 - PUNTO DE ACCESO ADICIONAL--NOMBRE DE PERSONA
Nombre de persona Blanch i Colat, Consol,
Término indicativo de función/relación tr.
9 (RLIN) 15421
910 ## - DATOS DE OPCIÓN DEL USUARIO (OCLC)
Datos de opción del usuario Validado. Control de calidad BNPHU.
Holdings
Estado de retiro Estado de pérdida Restricciones de uso No para préstamo Código de colección Localización permanente Ubicación/localización actual Ubicación en estantería Fecha de adquisición Número de inventario Total de préstamos Signatura topográfica completa Código de barras Fecha visto por última vez Precio válido a partir de Tipo de ítem Koha
        Monografías: Libros y Folletos General General Depósito 19.08.2009 LF1   547 N799q 5430-10 25.06.2020 25.06.2020 Préstamo en sala

Powered by Koha